000
00349pam a2200157a 44500
008
230515b1996 xxu||||| |||| 00| 0 eng d
020
_a
NULL
041
_a
ENGLISH
082
_a
610.73
100
_a
ROBERT NEWELL
245
_a
DEVELOPING YOUR CAREER IN NURSING
250
_a
0
260
_a
_b
CASSELL
_c
1996
300
_a
175
650
_a
NULL
999
_c
526080
_d
526080